000 00309nam a2200121Ia 4500
008 190216s9999||||xx |||||||||||||| ||und||
100 _aDent Glasser L S
245 0 _aCrystallography And Its Application
260 _bEnglish Language Book Society
_c1979
300 _a224p
650 _aChemistry
942 _cBK
999 _c2160
_d2160